Kiến trúc thế giới thế kỷ XX : Những cấu trúc tạo nên bộ mặt thế kỷ XX
Сохранить в:
| Главный автор: | |
|---|---|
| Формат: | |
| Язык: | Undetermined |
| Опубликовано: |
Tp. HCM
Trẻ
2002
|
| Предметы: | |
| Метки: |
Добавить метку
Нет меток, Требуется 1-ая метка записи!
|
| Thư viện lưu trữ: | Trung tâm Học liệu Trường Đại học Cần Thơ |
|---|
| LEADER | 00620nam a2200193Ia 4500 | ||
|---|---|---|---|
| 001 | CTU_56967 | ||
| 008 | 210402s9999 xx 000 0 und d | ||
| 020 | |b 215000 | ||
| 082 | |a 724.6 | ||
| 082 | |b G545 | ||
| 100 | |a Jonathan Glancey | ||
| 245 | 0 | |a Kiến trúc thế giới thế kỷ XX : Những cấu trúc tạo nên bộ mặt thế kỷ XX | |
| 245 | 0 | |c Jonathan Glancey; Lê Thành Lộc biên dịch | |
| 260 | |a Tp. HCM | ||
| 260 | |b Trẻ | ||
| 260 | |c 2002 | ||
| 650 | |a architecture,monuments | ||
| 650 | |x aesthetics | ||
| 980 | |a Trung tâm Học liệu Trường Đại học Cần Thơ | ||